| 000 | 00442nam a22001577a 4500 | ||
|---|---|---|---|
| 008 | 140206b xxu||||| |||| 00| 0 eng d | ||
| 020 | _a978-1-55591-712-8 | ||
| 050 | _aE302.A262 2009 | ||
| 100 |
_aAdams, John _98423 |
||
| 245 |
_aIn His Own Words _cJohn Adams |
||
| 260 |
_aColorado _bFulcrum _c2009 |
||
| 300 |
_axx, 105p. ; _c21cm. |
||
| 600 |
_aAdams, John _y1735-1826 _98424 |
||
| 650 |
_aCorrespondence _98425 |
||
| 942 |
_2lcc _cMONOGRAPH |
||
| 999 |
_c119993 _d119993 |
||